Enfermedades y desordenes fisiológicos más comunes del fruto de aguacate en poscosecha: (Record no. 220173)
[ view plain ]
| 000 -CABECERA | |
|---|---|
| campo de control de longitud fija | 01923nam a22002897a 4500 |
| 003 - IDENTIFICADOR DEL NÚMERO DE CONTROL | |
| campo de control | OSt |
| 005 - FECHA Y HORA DE LA ÚLTIMA TRANSACCIÓN | |
| campo de control | 20240923114127.0 |
| 008 - DATOS DE LONGITUD FIJA--INFORMACIÓN GENERAL | |
| campo de control de longitud fija | 240923s2014 mx ado|f |||| 001 0 spa d |
| 040 ## - FUENTE DE LA CATALOGACIÓN | |
| Centro catalogador/agencia de origen | CHAP |
| Centro/agencia transcriptor | CHAP |
| Normas de descripción | rda |
| 082 00 - NÚMERO DE LA CLASIFICACIÓN DECIMAL DEWEY | |
| Número de edición | 22 |
| Número de clasificación | 634.65393 |
| Número de documento/Ítem | O16 |
| 100 1# - ENTRADA PRINCIPAL--NOMBRE DE PERSONA | |
| Nombre de persona | Ochoa Ascencio, Salvador |
| 9 (RLIN) | 189625 |
| 245 10 - MENCIÓN DE TÍTULO | |
| Título | Enfermedades y desordenes fisiológicos más comunes del fruto de aguacate en poscosecha: |
| Resto del título | guía ilustrada para técnicos y empacadores / |
| Mención de responsabilidad, etc. | por Salvador Ochoa Ascencio |
| 250 ## - MENCIÓN DE EDICIÓN | |
| Mención de edición | Primera edición |
| 264 ## - PRODUCCIÓN, PUBLICACIÓN, DISTRIBUCIÓN, FABRICACIÓN Y COPYRIGHT | |
| Producción, publicación, distribución, fabricación y copyright | México: |
| Nombre del de productor, editor, distribuidor, fabricante | APEAM, A.C, |
| Fecha de producción, publicación, distribución, fabricación o copyright | 2014. |
| 300 ## - DESCRIPCIÓN FÍSICA | |
| Extensión | 92 páginas: |
| Otras características físicas | Ilustraciones, cuadros, gráficas |
| 336 ## - TIPO DE CONTENIDO | |
| Fuente | rdacontent |
| Término de tipo de contenido | texto |
| Código de tipo de contenido | txt |
| 337 ## - TIPO DE MEDIO | |
| Fuente | rdamedia |
| Nombre/término del tipo de medio | sin medio |
| Código del tipo de medio | n |
| 338 ## - TIPO DE SOPORTE | |
| Fuente | rdacarrier |
| Nombre/término del tipo de soporte | volumen |
| Código del tipo de soporte | nc |
| 500 ## - NOTA GENERAL | |
| Nota general | Obra ilustrada |
| 504 ## - NOTA DE BIBLIOGRAFÍA, ETC. | |
| Nota de bibliografía, etc. | Incluye índice y bibliografía |
| 520 ## - SUMARIO, ETC. | |
| Sumario, etc. | Los desórdenes fisiológicos y patológicos más comunes del fruto de aguacate hass en poscosecha son presentados en esta guía. Se describen e ilustran los síntomas y se asocian a sus causas para que puedan fácilmente ser identificados. La fisiología poscosecha del fruto también es abordada, con el próposito de conocer los elementos fundamentales del proceso de maduración del fruto y el conjunto de condiciones ambientales y de manejo que deben ser observadas para asegurar el desarrollo de todos sus atributos de calidad. Se pretende demostrar que la calidad final del fruto de aguacate es un compromiso que involucra tanto a productores como a empacadores comercializadores, y que el establecimiento de un sistema eficaz de manejo poscosecha debe ser una estrategia de la industria aguacatera de México, para mantener el liderazgo mundial en la producción y exportación de aguacate. |
| 650 #4 - PUNTO DE ACCESO ADICIONAL DE MATERIA--TÉRMINO DE MATERIA | |
| Término de materia o nombre geográfico como elemento de entrada | Aguacate |
| Subdivisión general | Fisiología y morfología |
| 9 (RLIN) | 2516 |
| 650 #4 - PUNTO DE ACCESO ADICIONAL DE MATERIA--TÉRMINO DE MATERIA | |
| Término de materia o nombre geográfico como elemento de entrada | Aguacate |
| Subdivisión general | Calidad |
| 9 (RLIN) | 2495 |
| 650 #4 - PUNTO DE ACCESO ADICIONAL DE MATERIA--TÉRMINO DE MATERIA | |
| Término de materia o nombre geográfico como elemento de entrada | Aguacate |
| Subdivisión general | Maduración |
| 9 (RLIN) | 2531 |
| 650 #4 - PUNTO DE ACCESO ADICIONAL DE MATERIA--TÉRMINO DE MATERIA | |
| Término de materia o nombre geográfico como elemento de entrada | Aguacate |
| Subdivisión general | Enfermedades |
| 9 (RLIN) | 2510 |
| 942 ## - ELEMENTOS DE PUNTO DE ACCESO ADICIONAL (KOHA) | |
| Fuente del sistema de clasificación o colocación | Dewey Decimal Classification |
| Tipo de ítem Koha | Libro |
| Estado de retiro | Estado de pérdida | Fuente del sistema de clasificación o colocación | Estado dañado | Restricciones de uso | No para préstamo | Código de colección | Localización permanente | Ubicación/localización actual | Ubicación en estantería | Fecha de adquisición | Total de préstamos | Signatura topográfica completa | Código de barras | Fecha visto por última vez | Precio válido a partir de | Tipo de ítem Koha | Número de copia |
|---|---|---|---|---|---|---|---|---|---|---|---|---|---|---|---|---|---|
| Dewey Decimal Classification | Préstamo 15 días | General | Biblioteca Central | Biblioteca Central | Planta principal - Colección General | 23/09/2024 | 634.65393 O16 | 33724002590870 | 23/09/2024 | 23/09/2024 | Libro | ||||||
| Dewey Decimal Classification | Préstamo 15 días | General | Biblioteca Central | Biblioteca Central | Planta principal - Colección General | 23/09/2024 | 634.65393 O16 | 33724002590908 | 23/09/2024 | 23/09/2024 | Libro | c.2 | |||||
| Dewey Decimal Classification | Préstamo 15 días | General | Biblioteca Central | Biblioteca Central | Planta principal - Colección General | 23/09/2024 | 634.65393 O16 | 33724002590911 | 23/09/2024 | 23/09/2024 | Libro | c.3 |
